[Event "4NCL Division 2b"]
[Site "Telford, ENG"]
[Date "2019.02.09"]
[Round "5.71"]
[White "Payne, Matthew J"]
[Black "Midhun, P U."]
[Result "1-0"]
[WhiteElo "2275"]
[BlackElo "2120"]
[PlyCount "50"]
[EventDate "2019.02.09"]
[WhiteTeam "Sussex Martlets 1"]
[BlackTeam "West is Best 2"]

1. e4 e5 2. Nf3 Nc6 3. d4 exd4 4. Nxd4 Nf6 5. Nxc6 bxc6 6. e5 Qe7 7. Qe2 Nd5 8.
c4 Ba6 9. Nd2 g6 10. Nf3 Qb4+ 11. Kd1 Qa4+ 12. Qc2 Qxc2+ 13. Kxc2 Nb4+ 14. Kd1
c5 15. Bd2 Bb7 16. a3 Nc6 17. Bc3 Bg7 18. Kc2 O-O 19. Bd3 f6 20. exf6 Bxf6 21.
Bxf6 Rxf6 22. Rhe1 Raf8 23. Rad1 d6 24. Be4 Nd4+ 25. Rxd4 Rxf3 1-0

[Event "4NCL Division 2b"]
[Site "Telford, ENG"]
[Date "2019.02.09"]
[Round "5.72"]
[White "Bullen, Alex"]
[Black "Graham, David B"]
[Result "1-0"]
[WhiteElo "2100"]
[BlackElo "2162"]
[PlyCount "97"]
[EventDate "2019.02.09"]
[WhiteTeam "West is Best 2"]
[BlackTeam "Sussex Martlets 1"]

1. d4 Nf6 2. Nf3 g6 3. Nbd2 d5 4. b4 Bg7 5. e3 O-O 6. c4 Bf5 7. Be2 Nbd7 8. O-O
dxc4 9. Nxc4 Nb6 10. a4 Qd5 11. Nce5 Ne4 12. Bb2 a5 13. b5 Be6 14. Qc2 Rfc8 15.
Rfc1 Nd6 16. Nd3 Qb3 17. Qb1 Bf5 18. Rc3 Bxd3 19. Bxd3 Qe6 20. Rc5 c6 21. bxc6
Rxc6 22. d5 Nxd5 23. Ng5 Qg4 24. Rxd5 e6 25. Rxd6 Rxd6 26. Bxg7 Qxg5 27. Bb2
Rad8 28. Bf1 Qh4 29. Qe1 Rd2 30. Bc3 R2d5 31. Be2 b6 32. g3 Qe4 33. Qb1 Qxb1+
34. Rxb1 Rc5 35. Bd4 Rc2 36. Kf1 Ra2 37. Ra1 Rxa1+ 38. Bxa1 Kf8 39. Bf6 Rd5 40.
Bb5 h6 41. e4 Rd1+ 42. Ke2 Rc1 43. Bd4 g5 44. Bxb6 Ke7 45. Bxa5 Rh1 46. Bb6
Rxh2 47. a5 Rh1 48. a6 Ra1 49. e5 1-0

[Event "4NCL Division 2b"]
[Site "Telford, ENG"]
[Date "2019.02.09"]
[Round "5.73"]
[White "Cumming, Rhys"]
[Black "Taylor, William J"]
[Result "1-0"]
[WhiteElo "2225"]
[BlackElo "2075"]
[PlyCount "135"]
[EventDate "2019.02.09"]
[WhiteTeam "Sussex Martlets 1"]
[BlackTeam "West is Best 2"]

1. e4 e5 2. Nf3 Nc6 3. Bb5 a6 4. Ba4 Nf6 5. O-O b5 6. Bb3 Bb7 7. d3 Be7 8. Re1
O-O 9. a4 d6 10. Nbd2 h6 11. Nf1 Re8 12. Ne3 Bf8 13. Nh4 d5 14. exd5 Nd4 15.
Ba2 Nxd5 16. Bxd5 Bxd5 17. Nxd5 Qxd5 18. Be3 Be7 19. Bxd4 exd4 20. Qf3 Qxf3 21.
Nxf3 Bf6 22. Rxe8+ Rxe8 23. axb5 axb5 24. Ra7 c5 25. Rc7 Ra8 26. g3 Ra2 27.
Rxc5 Rxb2 28. Nd2 Kf8 29. Kg2 Ke7 30. Ne4 b4 31. Kf3 b3 32. cxb3 Rxb3 33. Nxf6
Kxf6 34. Ke4 Rb2 35. Rf5+ Ke6 36. g4 g6 37. Rf3 Ra2 38. Rf4 Ra4 39. h4 f6 40.
Kf3 f5 41. h5 fxg4+ 42. Kxg4 gxh5+ 43. Kxh5 Ke5 44. Kg4 Ra3 45. Rf5+ Ke6 46.
Rf3 Ra5 47. Rf4 Rg5+ 48. Kh4 Rd5 49. Re4+ Kf6 50. Re8 Kf7 51. Re2 Kf6 52. Ra2
Rf5 53. Kg3 h5 54. f4 Rc5 55. Kf3 Rd5 56. Ra6+ Kg7 57. Ke4 Rd8 58. Kf5 Rb8 59.
Ra7+ Kg8 60. Rd7 Rf8+ 61. Kg5 h4 62. f5 Ra8 63. Kxh4 Ra4 64. Kg5 Kf8 65. Kf6
Ra6+ 66. Ke5 Ra5+ 67. Rd5 Ra1 68. Rxd4 1-0

[Event "4NCL Division 2b"]
[Site "Telford, ENG"]
[Date "2019.02.09"]
[Round "5.74"]
[White "Homer, Stephen J"]
[Black "Grant, David J"]
[Result "0-1"]
[WhiteElo "2063"]
[BlackElo "2222"]
[PlyCount "59"]
[EventDate "2019.02.09"]
[WhiteTeam "West is Best 2"]
[BlackTeam "Sussex Martlets 1"]

1. e4 c5 2. Nf3 d6 3. c3 Nf6 4. h3 Nc6 5. Bd3 d5 6. e5 Nd7 7. e6 fxe6 8. Ng5
Nf6 9. Nxh7 Nxh7 10. Qh5+ Kd7 11. Bxh7 b6 12. Qg6 Ba6 13. f4 Qc7 14. d3 Qd6 15.
O-O e5 16. Qg4+ e6 17. Bg6 Be7 18. f5 exf5 19. Bxf5+ Kc7 20. Qa4 Kb7 21. c4
dxc4 22. dxc4 Qd4+ 23. Kh1 Rad8 24. Nd2 Rhf8 25. Kh2 e4 26. Bxe4 Bd6+ 27. g3
Rf2+ 28. Rxf2 Qxf2+ 29. Bg2 Bxg3+ 30. Kh1 0-1

[Event "4NCL Division 2b"]
[Site "Telford, ENG"]
[Date "2019.02.09"]
[Round "5.75"]
[White "Miller, Dominic"]
[Black "Spencer, Douglas"]
[Result "1-0"]
[WhiteElo "2177"]
[BlackElo "1984"]
[PlyCount "65"]
[EventDate "2019.02.09"]
[WhiteTeam "Sussex Martlets 1"]
[BlackTeam "West is Best 2"]

1. e4 e5 2. Nf3 Nf6 3. Nxe5 d6 4. Nf3 Nxe4 5. Bd3 Nc5 6. Be2 d5 7. d4 Ne4 8.
O-O Be7 9. c4 dxc4 10. Bxc4 O-O 11. Re1 Nd6 12. Bb3 Bg4 13. h3 Bxf3 14. Qxf3
Bf6 15. Be3 Nc6 16. Rd1 Nb5 17. Nc3 Nbxd4 18. Bxd4 Bxd4 19. Ne2 Qd6 20. Rac1
Ne5 21. Qf4 c5 22. Nxd4 cxd4 23. Rxd4 Qb8 24. Qf5 g6 25. Qg5 a5 26. Qh6 a4 27.
Rh4 Re8 28. Qxh7+ Kf8 29. Bxa4 b5 30. Bb3 Ra7 31. Qh6+ Ke7 32. Qg5+ f6 33. Rh7+
1-0

[Event "4NCL Division 2b"]
[Site "Telford, ENG"]
[Date "2019.02.09"]
[Round "5.76"]
[White "Howell, Oliver W"]
[Black "Blake, J Morgan"]
[Result "0-1"]
[WhiteElo "1997"]
[BlackElo "2162"]
[PlyCount "90"]
[EventDate "2019.02.09"]
[WhiteTeam "West is Best 2"]
[BlackTeam "Sussex Martlets 1"]

1. c4 e6 2. Nf3 Nf6 3. g3 b6 4. Bg2 Bb7 5. O-O Be7 6. Nc3 O-O 7. d4 d5 8. b3 c5
9. e3 Qc8 10. cxd5 Nxd5 11. Nxd5 Bxd5 12. Bb2 Bf6 13. Qe2 Qa6 14. Rfe1 cxd4 15.
Nxd4 Bxg2 16. Kxg2 Qb7+ 17. Kg1 Nd7 18. Rac1 Rac8 19. Nb5 Rxc1 20. Rxc1 Bxb2
21. Qxb2 Qd5 22. Qe2 Ne5 23. e4 Qa8 24. Rc7 a6 25. Na3 b5 26. Nb1 Rd8 27. Rc2
h6 28. Rd2 b4 29. Rxd8+ Qxd8 30. Kg2 Qd4 31. f4 Nd3 32. a3 a5 33. axb4 axb4 34.
Kh3 Nf2+ 35. Kg2 Nxe4 36. Kf3 f5 37. g4 Qg1 38. gxf5 exf5 39. Nd2 Qg4+ 40. Ke3
Nxd2 41. Qxd2 Qh3+ 42. Kd4 Qxb3 43. Qe2 Qc3+ 44. Kd5 b3 45. Qe8+ Kh7 0-1

[Event "4NCL Division 2b"]
[Site "Telford, ENG"]
[Date "2019.02.09"]
[Round "5.77"]
[White "Willson, Ollie"]
[Black "Camp, Imogen A L"]
[Result "1-0"]
[WhiteElo "2155"]
[BlackElo "1990"]
[PlyCount "53"]
[EventDate "2019.02.09"]
[WhiteTeam "Sussex Martlets 1"]
[BlackTeam "West is Best 2"]

1. d4 d5 2. c4 e6 3. Nf3 Nf6 4. Nc3 Be7 5. Bf4 c6 6. e3 Nbd7 7. Bd3 dxc4 8.
Bxc4 b5 9. Bd3 Bb7 10. e4 a6 11. e5 Nd5 12. Nxd5 cxd5 13. a4 bxa4 14. Qxa4 O-O
15. Bd2 Nb8 16. Qb3 Qd7 17. h4 Nc6 18. Ng5 Nxd4 19. Bxh7+ Kh8 20. Qd3 Nf5 21.
Bxf5 exf5 22. Qf3 g6 23. h5 Bxg5 24. hxg6+ Kg8 25. Rh8+ Kg7 26. Rh7+ Kg8 27.
Qh5 1-0

[Event "4NCL Division 2b"]
[Site "Telford, ENG"]
[Date "2019.02.09"]
[Round "5.78"]
[White "Hafstad, Leif"]
[Black "Higgs, Anthony R J"]
[Result "0-1"]
[WhiteElo "1890"]
[BlackElo "2020"]
[PlyCount "90"]
[EventDate "2019.02.09"]
[WhiteTeam "West is Best 2"]
[BlackTeam "Sussex Martlets 1"]

1. e4 d6 2. d4 Nf6 3. Nc3 Nbd7 4. Nf3 e5 5. Bc4 h6 6. O-O Be7 7. Re1 c6 8. a4
Qc7 9. Ba2 Nf8 10. Nh4 g6 11. h3 Nh5 12. Nf3 Ne6 13. b4 Nef4 14. Ne2 O-O 15.
Nxf4 Nxf4 16. Bxf4 exf4 17. Qd2 g5 18. c4 a5 19. b5 c5 20. e5 cxd4 21. Qxd4
dxe5 22. Qxe5 Qxe5 23. Nxe5 Bb4 24. Rec1 Ba3 25. Rc2 Bf5 26. Re2 Bc5 27. Nf3
Rfe8 28. Rae1 Rxe2 29. Rxe2 b6 30. Bb3 Rd8 31. Rd2 Rxd2 32. Nxd2 Bd3 33. Nf3 f6
34. Ne1 Be2 35. Nf3 Kf8 36. Nd2 Bd3 37. Nf1 Ke7 38. g3 fxg3 39. Nxg3 Ke6 40.
Kg2 Ke5 41. Kf3 f5 42. Kg2 Kd4 43. Kf3 Kc3 44. Bd1 Kd2 45. Be2 Be4+ 0-1

[Event "4NCL Division 2b"]
[Site "Telford, ENG"]
[Date "2019.02.09"]
[Round "5.81"]
[White "Moran, Stephen"]
[Black "Isaakidis, Alexandros"]
[Result "1-0"]
[WhiteElo "2155"]
[BlackElo "2198"]
[PlyCount "41"]
[EventDate "2019.02.09"]
[WhiteTeam "Gonzaga"]
[BlackTeam "Wessex A"]

1. d4 Nf6 2. Bf4 e6 3. e3 d5 4. Nd2 Bd6 5. Bg3 O-O 6. c3 c5 7. Bd3 Nc6 8. Ngf3
b6 9. e4 Be7 10. e5 Nh5 11. Ng5 Bxg5 12. Qxh5 Bxd2+ 13. Kxd2 g6 14. Qh6 f5 15.
Bh4 Qd7 16. Bf6 cxd4 17. cxd4 Qf7 18. h4 Bd7 19. h5 Be8 20. Rh3 Qd7 21. Bb5 1-0

[Event "4NCL Division 2b"]
[Site "Telford, ENG"]
[Date "2019.02.09"]
[Round "5.82"]
[White "Pleasants, Allan J"]
[Black "Delaney, Killian"]
[Result "0-1"]
[WhiteElo "2108"]
[BlackElo "2234"]
[PlyCount "76"]
[EventDate "2019.02.09"]
[WhiteTeam "Wessex A"]
[BlackTeam "Gonzaga"]

1. e4 c6 2. d4 d5 3. Nc3 dxe4 4. Nxe4 Nd7 5. Nf3 Ngf6 6. Ned2 g6 7. g3 Bg7 8.
Bg2 O-O 9. O-O Nb6 10. c4 a5 11. c5 Nbd5 12. Nc4 b5 13. cxb6 Nxb6 14. Nce5 Ba6
15. Re1 Rc8 16. Bd2 a4 17. Rc1 Bb5 18. Qc2 Nfd5 19. Nd3 Qd6 20. Nc5 Rfe8 21.
Ne5 e6 22. h4 Nf6 23. Bc3 Nbd7 24. Ne4 Qe7 25. Qd2 Nd5 26. h5 Red8 27. hxg6
hxg6 28. Nxd7 Rxd7 29. Qc2 Nb4 30. Bxb4 Qxb4 31. d5 exd5 32. Bh3 f5 33. Nc3 d4
34. Nxb5 Qxb5 35. Re6 d3 36. Qd1 d2 37. Rc2 Qd3 38. Rexc6 Qxc2 0-1

[Event "4NCL Division 2b"]
[Site "Telford, ENG"]
[Date "2019.02.09"]
[Round "5.83"]
[White "Menzies, Colin"]
[Black "McDougall, William"]
[Result "1-0"]
[WhiteElo "2170"]
[BlackElo "2082"]
[PlyCount "73"]
[EventDate "2019.02.09"]
[WhiteTeam "Gonzaga"]
[BlackTeam "Wessex A"]

1. d4 Nf6 2. c4 g6 3. g3 d5 4. cxd5 Nxd5 5. Nf3 Bg7 6. Bg2 Nc6 7. O-O Nb6 8. e3
O-O 9. Nc3 Re8 10. Qc2 e5 11. Rd1 exd4 12. exd4 Bg4 13. Bg5 Qd7 14. Be3 Nd5 15.
Nxd5 Qxd5 16. Ne5 Bxd1 17. Rxd1 Rxe5 18. Bxd5 Rxd5 19. Qb3 Rad8 20. Qxb7 Nxd4
21. Kg2 c5 22. Qxa7 h5 23. b3 Bf8 24. b4 R8d7 25. Qa4 cxb4 26. Bxd4 Rd8 27. Qa7
R8d7 28. Qb6 R5d6 29. Qxb4 Rd5 30. Qb2 Kh7 31. a4 Be7 32. Bh8 Bf8 33. Rxd5 Rxd5
34. Bd4 Ra5 35. Qb8 Bg7 36. Bxg7 Kxg7 37. Qb4 1-0

[Event "4NCL Division 2b"]
[Site "Telford, ENG"]
[Date "2019.02.09"]
[Round "5.84"]
[White "Lukosius, Rolandas"]
[Black "Freeman, Gordon"]
[Result "1/2-1/2"]
[WhiteElo "2072"]
[BlackElo "2083"]
[PlyCount "58"]
[EventDate "2019.02.09"]
[WhiteTeam "Wessex A"]
[BlackTeam "Gonzaga"]

1. d4 d5 2. c4 c6 3. Nc3 Nf6 4. Nf3 dxc4 5. a4 a5 6. e3 Bg4 7. Bxc4 e6 8. Qb3
Bb4 9. Ne5 Bf5 10. O-O Nbd7 11. Nd3 Bxd3 12. Bxd3 Nc5 13. Qc2 Nxd3 14. Qxd3 O-O
15. Rd1 c5 16. Qb5 Qc7 17. dxc5 Rfd8 18. Bd2 Ng4 19. g3 Ne5 20. Kg2 Nd3 21.
Rab1 Nxc5 22. Be1 h5 23. Rd4 Rxd4 24. exd4 Nb3 25. Rd1 Rd8 26. d5 e5 27. d6
Qc6+ 28. Qxc6 bxc6 29. Ne4 Bxe1 1/2-1/2

[Event "4NCL Division 2b"]
[Site "Telford, ENG"]
[Date "2019.02.09"]
[Round "5.85"]
[White "Jackson, Carl"]
[Black "Simons, Martin J"]
[Result "1/2-1/2"]
[WhiteElo "2145"]
[BlackElo "2008"]
[PlyCount "31"]
[EventDate "2019.02.09"]
[WhiteTeam "Gonzaga"]
[BlackTeam "Wessex A"]

1. e4 d6 2. d4 Nf6 3. Nc3 Nbd7 4. f4 e5 5. Nf3 exd4 6. Qxd4 c6 7. a4 d5 8. e5
Bc5 9. Qd3 Qe7 10. Be3 Ng4 11. Bxc5 Nxc5 12. Qe2 h5 13. O-O-O Bd7 14. Nd4 g6
15. h3 Nh6 16. g3 1/2-1/2

[Event "4NCL Division 2b"]
[Site "Telford, ENG"]
[Date "2019.02.09"]
[Round "5.86"]
[White "Duggan, Michael F G"]
[Black "Murray, David"]
[Result "1/2-1/2"]
[WhiteElo "2041"]
[BlackElo "2143"]
[PlyCount "47"]
[EventDate "2019.02.09"]
[WhiteTeam "Wessex A"]
[BlackTeam "Gonzaga"]

1. e4 c5 2. Nc3 Nc6 3. g3 g6 4. Bg2 Bg7 5. Nge2 d6 6. O-O e5 7. Nd5 Nge7 8. c3
O-O 9. d3 Nxd5 10. exd5 Ne7 11. d4 cxd4 12. cxd4 Qb6 13. dxe5 Bxe5 14. Qb3 Bg4
15. Re1 Rfc8 16. h3 Qxb3 17. axb3 Bxe2 18. Rxe2 Nf5 19. Re4 Nd4 20. Be3 Nxb3
21. Rxa7 Rxa7 22. Bxa7 Rc1+ 23. Kh2 Rc2 24. Rb4 1/2-1/2

[Event "4NCL Division 2b"]
[Site "Telford, ENG"]
[Date "2019.02.09"]
[Round "5.87"]
[White "Bourached, Anthony"]
[Black "Weatherlake, John P"]
[Result "1-0"]
[WhiteElo "2026"]
[BlackElo "1922"]
[PlyCount "81"]
[EventDate "2019.02.09"]
[WhiteTeam "Gonzaga"]
[BlackTeam "Wessex A"]

1. d4 d6 2. c4 g6 3. Nf3 Bg7 4. Nc3 Nc6 5. e3 e5 6. Be2 Nf6 7. O-O O-O 8. Qb3
Nd7 9. Rd1 Ne7 10. dxe5 dxe5 11. e4 c6 12. Be3 Qc7 13. c5 h6 14. Qc2 Nf6 15.
Bc4 g5 16. b4 Ng6 17. Rd6 b5 18. Bb3 a5 19. a4 axb4 20. Na2 Ne8 21. Rxg6 bxa4
22. Rxg7+ Nxg7 23. Bxa4 Bd7 24. Bb3 Ra3 25. Rb1 Ne6 26. Nxb4 Nf4 27. Qb2 Qa5
28. Nc2 Rxb3 29. Qxb3 Be6 30. Qb4 Qd8 31. Nxe5 Qf6 32. Nxc6 Nxg2 33. Kxg2 Bh3+
34. Kg3 h5 35. f4 gxf4+ 36. Kxh3 Qe6+ 37. Kg2 Qg4+ 38. Kf2 Qh4+ 39. Ke2 Qxh2+
40. Kd3 fxe3 41. Nxe3 1-0

[Event "4NCL Division 2b"]
[Site "Telford, ENG"]
[Date "2019.02.09"]
[Round "5.88"]
[White "Jaufarally, Nadia"]
[Black "Carroll, Peter"]
[Result "0-1"]
[WhiteElo "1913"]
[BlackElo "1953"]
[PlyCount "88"]
[EventDate "2019.02.09"]
[WhiteTeam "Wessex A"]
[BlackTeam "Gonzaga"]

1. e4 c5 2. Nf3 d6 3. d4 cxd4 4. Nxd4 Nf6 5. Nc3 a6 6. Be2 e5 7. Nb3 Be6 8. f4
exf4 9. Bxf4 Nc6 10. Qd2 Qc7 11. Nc5 b5 12. O-O-O Qb6 13. Nxe6 fxe6 14. Bxd6
Rd8 15. Qf4 Bxd6 16. Rxd6 O-O 17. Rxd8 Rxd8 18. Rd1 Nd4 19. e5 b4 20. Bf1 Qc5
21. Rd3 bxc3 22. bxc3 Nh5 23. Qh4 Rf8 24. cxd4 Rxf1+ 25. Rd1 Qa3+ 26. Kd2 Rxd1+
27. Kxd1 g6 28. d5 exd5 29. Qd8+ Kf7 30. Qxd5+ Ke7 31. Qg8 Nf4 32. Qg7+ Ke8 33.
Qf6 Qb4 34. Qc6+ Kd8 35. Qf6+ Kd7 36. Qf7+ Kc6 37. Qe8+ Kd5 38. g3 Qd4+ 39. Kc1
Ne2+ 40. Kb1 Qb4+ 41. Ka1 Qe1+ 42. Kb2 Qc1+ 43. Kb3 Nd4+ 44. Kb4 Qd2+ 0-1

[Event "4NCL Division 2b"]
[Site "Telford, ENG"]
[Date "2019.02.09"]
[Round "5.86"]
[White "Duggan, Michael F G"]
[Black "Murray, David"]
[Result "1/2-1/2"]
[WhiteElo "2041"]
[BlackElo "2143"]
[PlyCount "48"]
[EventDate "2019.02.09"]
[WhiteTeam "Wessex A"]
[BlackTeam "Gonzaga"]

1. e4 c5 2. Nc3 Nc6 3. g3 g6 4. Bg2 Bg7 5. Nge2 d6 6. O-O e5 7. Nd5 Nge7 8. c3
O-O 9. d3 Nxd5 10. exd5 Ne7 11. d4 cxd4 12. cxd4 Qb6 13. dxe5 Bxe5 14. Qb3 Bg4
15. Re1 Rfc8 16. h3 Qxb3 17. axb3 Bxe2 18. Rxe2 Nf5 19. Re4 Nd4 20. Be3 Nxb3
21. Rxa7 Rxa7 22. Bxa7 Rc1+ 23. Kh2 Rc2 24. Rb4 Rc6 1/2-1/2

[Event "4NCL Division 2b"]
[Site "Telford, ENG"]
[Date "2019.02.10"]
[Round "6.51"]
[White "Midhun, P U."]
[Black "Sowray, Peter J"]
[Result "0-1"]
[WhiteElo "2120"]
[BlackElo "2358"]
[PlyCount "70"]
[EventDate "2019.02.10"]
[WhiteTeam "West is Best 2"]
[BlackTeam "Barbican 4NCL 2"]

1. Nf3 d5 2. d4 Nf6 3. g3 e6 4. Bg2 b5 5. O-O Bb7 6. b3 Nbd7 7. c4 bxc4 8. bxc4
dxc4 9. Qa4 Bd6 10. Ba3 Bd5 11. Bxd6 cxd6 12. Na3 Rc8 13. Nb5 Qb6 14. Rab1 a6
15. Nc3 Qc6 16. Qa5 O-O 17. Rb4 Rb8 18. Ra4 Rb6 19. Nxd5 exd5 20. Nd2 Qb5 21.
Nb1 Ne4 22. f3 Qxb1 23. Rxb1 Rxb1+ 24. Bf1 c3 25. Qc7 Ndc5 26. dxc5 c2 27. cxd6
c1=Q 28. Qxc1 Rxc1 29. fxe4 dxe4 30. Rxe4 Rd1 31. d7 Rxd7 32. Ra4 Rd6 33. e4
Rb8 34. Rxa6 Rxa6 35. Bxa6 Rb1+ 0-1

[Event "4NCL Division 2b"]
[Site "Telford, ENG"]
[Date "2019.02.10"]
[Round "6.52"]
[White "French, Max"]
[Black "Bullen, Alex"]
[Result "1/2-1/2"]
[WhiteElo "2176"]
[BlackElo "2100"]
[PlyCount "93"]
[EventDate "2019.02.10"]
[WhiteTeam "Barbican 4NCL 2"]
[BlackTeam "West is Best 2"]

1. d4 d5 2. c4 e6 3. Nc3 Nf6 4. cxd5 exd5 5. Bg5 c6 6. e3 Be7 7. Bd3 Nbd7 8.
Qc2 Nf8 9. Nf3 Ne6 10. Bh4 g6 11. O-O O-O 12. Rab1 Ng7 13. b4 a6 14. a4 Bf5 15.
b5 axb5 16. axb5 Bxd3 17. Qxd3 Nf5 18. Bxf6 Bxf6 19. Ne2 Nd6 20. bxc6 bxc6 21.
Nd2 Qd7 22. Nb3 Ra3 23. Nc5 Qa7 24. Rb3 Rxb3 25. Qxb3 Rb8 26. Qa4 Qxa4 27. Nxa4
Rb4 28. Nc5 Nb7 29. Rc1 Nxc5 30. Rxc5 Rb6 31. g3 Kf8 32. Kg2 Ke7 33. Ra5 Rb7
34. Nc1 Kd6 35. Nd3 Bd8 36. Nc5 Re7 37. Ra6 f5 38. Kf3 Rf7 39. Nd3 Bf6 40. h4
Rb7 41. Nc5 Rf7 42. Ra8 f4 43. gxf4 Bxh4 44. e4 dxe4+ 45. Nxe4+ Kd5 46. Ke3 Ke6
47. Ra6 1/2-1/2

[Event "4NCL Division 2b"]
[Site "Telford, ENG"]
[Date "2019.02.10"]
[Round "6.53"]
[White "Homer, Stephen J"]
[Black "Navarro Cia, Miguel"]
[Result "1/2-1/2"]
[WhiteElo "2063"]
[BlackElo "2251"]
[PlyCount "104"]
[EventDate "2019.02.10"]
[WhiteTeam "West is Best 2"]
[BlackTeam "Barbican 4NCL 2"]

1. d4 f5 2. Nc3 Nf6 3. Bg5 d5 4. Bxf6 exf6 5. e3 Be6 6. Bd3 Nc6 7. a3 Qd7 8.
Nge2 g6 9. O-O Ne7 10. b4 Nc8 11. Nf4 Bf7 12. Qf3 c6 13. b5 Nd6 14. bxc6 bxc6
15. Qe2 Bh6 16. Na4 O-O 17. Nc5 Qe7 18. Qd2 Rfb8 19. Rab1 Rb6 20. Na4 Rxb1 21.
Rxb1 Qc7 22. Nc5 Rb8 23. Rxb8+ Qxb8 24. Qb4 Qxb4 25. axb4 Kf8 26. Ne2 Ke7 27.
g3 Bf8 28. Ba6 Kd8 29. Nf4 Be7 30. c3 Ne4 31. Nxe4 fxe4 32. Ne2 Kc7 33. Nc1 Kb6
34. Be2 a5 35. Na2 Be6 36. Kf1 h5 37. Ke1 Bg4 38. Bf1 Bd6 39. Kd2 g5 40. Kc2 f5
41. bxa5+ Kxa5 42. c4 f4 43. cxd5 cxd5 44. Nc3 Be6 45. Ne2 f3 46. Nc3 Bb4 47.
Kb3 h4 48. Kc2 h3 49. Kb3 g4 50. Kc2 Bd7 51. Kb3 Bc6 52. Kc2 Be7 1/2-1/2

[Event "4NCL Division 2b"]
[Site "Telford, ENG"]
[Date "2019.02.10"]
[Round "6.54"]
[White "Russell, Christopher"]
[Black "Taylor, William J"]
[Result "1/2-1/2"]
[WhiteElo "2182"]
[BlackElo "2075"]
[PlyCount "105"]
[EventDate "2019.02.10"]
[WhiteTeam "Barbican 4NCL 2"]
[BlackTeam "West is Best 2"]

1. e4 e5 2. Nc3 Nf6 3. g3 d5 4. exd5 Nxd5 5. Bg2 Nxc3 6. bxc3 Nc6 7. Qh5 Qf6 8.
Ne2 g6 9. Qf3 Qxf3 10. Bxf3 Bg7 11. Rb1 O-O 12. d3 Re8 13. Bg2 Nd8 14. O-O Rb8
15. Be3 b6 16. c4 Bb7 17. Bxb7 Nxb7 18. Nc3 c6 19. Rb3 Na5 20. Ra3 c5 21. Nb5
Nc6 22. Kg2 Re7 23. Rb1 Rbb7 24. Nc3 f5 25. Nd5 Red7 26. Rab3 Kf7 27. Rb5 Bf8
28. Kf3 g5 29. R5b2 g4+ 30. Ke2 Bd6 31. a4 h5 32. Kf1 Ke6 33. Re1 Rh7 34. c3
Ne7 35. Nxe7 Rbxe7 36. a5 Bc7 37. axb6 axb6 38. d4 cxd4 39. cxd4 Kd7 40. dxe5
Rxe5 41. Bxb6 Rxe1+ 42. Kxe1 h4 43. Bxc7 Kxc7 44. Kd2 hxg3 45. hxg3 f4 46. gxf4
Rh3 47. Rc2 Rf3 48. Ke2 Kc6 49. c5 Rxf4 50. Rc3 Rf5 51. Rc4 Rg5 52. Rc3 Rf5 53.
Rc4 1/2-1/2

[Event "4NCL Division 2b"]
[Site "Telford, ENG"]
[Date "2019.02.10"]
[Round "6.56"]
[White "Makepeace, Philip J"]
[Black "Spencer, Douglas"]
[Result "1-0"]
[WhiteElo "2056"]
[BlackElo "1984"]
[PlyCount "169"]
[EventDate "2019.02.10"]
[WhiteTeam "Barbican 4NCL 2"]
[BlackTeam "West is Best 2"]

1. d4 d5 2. Nf3 e6 3. g3 Nf6 4. Bg2 Bd6 5. O-O O-O 6. c4 b6 7. cxd5 exd5 8. Bg5
c6 9. Nc3 Re8 10. Qc2 Bb7 11. Bxf6 Qxf6 12. e4 Qd8 13. exd5 cxd5 14. Qb3 Na6
15. Rfe1 Qd7 16. Nxd5 Bxg3 17. Nf6+ gxf6 18. hxg3 Bd5 19. Qd3 Nb4 20. Qd2 a5
21. a3 Nc6 22. Qh6 Nxd4 23. Nxd4 Bxg2 24. Qxf6 Qh3 25. Qh4 Qxh4 26. gxh4 Rxe1+
27. Rxe1 Rd8 28. Nf5 Bh3 29. Re5 Bxf5 30. Rxf5 Rd4 31. h5 Kg7 32. Rb5 Rd6 33.
Kg2 Kf6 34. Kf3 Ke6 35. Ke3 f6 36. Ke4 h6 37. f4 Rc6 38. f5+ Kd6 39. Rd5+ Ke7
40. Kd3 Ke8 41. Kd4 Ke7 42. Rb5 Kd6 43. Rb3 Ke7 44. Re3+ Kd7 45. b4 axb4 46.
axb4 b5 47. Kd5 Rc4 48. Re6 Rxb4 49. Rxf6 Ke7 50. Rxh6 Rb1 51. Rb6 b4 52. h6 b3
53. h7 Rh1 54. Ke5 Re1+ 55. Kf4 Rf1+ 56. Kg5 Rg1+ 57. Kh6 Rh1+ 58. Kg7 Rg1+ 59.
Rg6 Rxg6+ 60. fxg6 b2 61. h8=Q b1=Q 62. Qf8+ Ke6 63. Qf6+ Kd5 64. Kf7 Kc5 65.
Qe5+ Kc4 66. Qe6+ Kc3 67. Qe3+ Kc4 68. g7 Qb7+ 69. Kf6 Qb2+ 70. Qe5 Qf2+ 71.
Qf5 Qb2+ 72. Kg6 Qg2+ 73. Qg5 Qc6+ 74. Kh7 Qh1+ 75. Qh6 Qe4+ 76. Kh8 Qe5 77.
Qh4+ Kb3 78. Qh3+ Ka4 79. Qd7+ Ka3 80. Qa7+ Kb4 81. Qb7+ Ka3 82. Qf3+ Ka4 83.
Kh7 Qe7 84. Qf4+ Kb3 85. Kh8 1-0

[Event "4NCL Division 2b"]
[Site "Telford, ENG"]
[Date "2019.02.10"]
[Round "6.57"]
[White "Camp, Imogen A L"]
[Black "Hodgson, John H"]
[Result "0-1"]
[WhiteElo "1990"]
[BlackElo "2085"]
[PlyCount "137"]
[EventDate "2019.02.10"]
[WhiteTeam "West is Best 2"]
[BlackTeam "Barbican 4NCL 2"]

1. d4 Nf6 2. Nf3 g6 3. Bf4 Bg7 4. e3 O-O 5. Bd3 d6 6. Nbd2 Nbd7 7. O-O Qe8 8.
e4 e5 9. Be3 Ng4 10. Nb3 Nxe3 11. fxe3 Bh6 12. Qe2 Qe7 13. c4 c5 14. Rae1 b6
15. Nbd2 Bb7 16. d5 f5 17. exf5 gxf5 18. e4 Bxd2 19. Nxd2 f4 20. Qh5 Kh8 21.
Nf3 Rg8 22. Nh4 Nf6 23. Nf5 Nxh5 24. Nxe7 Rgd8 25. Rf3 Rd7 26. Nf5 Rg8 27. Kf2
Nf6 28. g3 fxg3+ 29. Rxg3 Rxg3 30. hxg3 Bc8 31. Bf1 Rf7 32. Nh4 Nxe4+ 33. Kg2
Ng5 34. Bd3 Bh3+ 35. Kg1 Bg4 36. Kg2 Nf3 37. Rh1 Nxh4+ 38. Rxh4 Bf3+ 39. Kh3
Kg8 40. Rh6 e4 41. Bc2 Re7 42. Rxd6 e3 43. Rd8+ Kf7 44. Bd3 e2 45. Bxe2 Rxe2
46. Rd7+ Re7 47. Rd8 h5 48. a3 Bg4+ 49. Kh4 Kg6 50. b4 Re4 51. Rd6+ Kf7 52.
bxc5 bxc5 53. Kg5 Rxc4 54. Ra6 Rd4 55. Rxa7+ Ke8 56. a4 Rxd5+ 57. Kf4 Rd8 58.
Rc7 Rc8 59. Rh7 c4 60. Ke3 c3 61. Rh8+ Kd7 62. Rxc8 Kxc8 63. Kd3 Kb7 64. Kxc3
Ka6 65. Kb4 Bd7 66. a5 Bg4 67. Ka4 Bf3 68. Kb4 Bd1 69. Kc3 0-1

[Event "4NCL Division 2b"]
[Site "Telford, ENG"]
[Date "2019.02.10"]
[Round "6.58"]
[White "Regan, Natasha K"]
[Black "Hafstad, Leif"]
[Result "1-0"]
[WhiteElo "1961"]
[BlackElo "1890"]
[PlyCount "79"]
[EventDate "2019.02.10"]
[WhiteTeam "Barbican 4NCL 2"]
[BlackTeam "West is Best 2"]

1. Nf3 Nf6 2. c4 e6 3. g3 d5 4. b3 Be7 5. Bg2 O-O 6. O-O c5 7. e3 Nc6 8. Qe2 b6
9. Bb2 Bb7 10. Nc3 Ne4 11. Nxe4 dxe4 12. Ne1 Bf6 13. Bxf6 Qxf6 14. Rd1 Ne5 15.
d3 exd3 16. Nxd3 Bxg2 17. Kxg2 Rfd8 18. Nxe5 Qxe5 19. Qf3 Qb2 20. Rd7 Qf6 21.
Qxf6 gxf6 22. Rfd1 Rxd7 23. Rxd7 a5 24. Rb7 Ra6 25. a4 Kg7 26. g4 Kg6 27. h4 f5
28. gxf5+ exf5 29. Kf3 Kf6 30. Kf4 h6 31. Rc7 Kg6 32. Rc6+ f6 33. h5+ Kxh5 34.
Kxf5 Kh4 35. Rxf6 h5 36. e4 Kh3 37. e5 Ra8 38. e6 h4 39. e7 Re8 40. Ke6 1-0

[Event "4NCL Division 2b"]
[Site "Telford, ENG"]
[Date "2019.02.10"]
[Round "6.61"]
[White "Bisby, Daniel L"]
[Black "Cumming, Rhys"]
[Result "1-0"]
[WhiteElo "2335"]
[BlackElo "2225"]
[PlyCount "81"]
[EventDate "2019.02.10"]
[WhiteTeam "Cambridge University 1"]
[BlackTeam "Sussex Martlets 1"]

1. c4 e5 2. g3 c6 3. d4 e4 4. Nc3 d5 5. Bg2 Nf6 6. Nh3 h6 7. O-O dxc4 8. e3 Bb4
9. Nf4 Bxc3 10. bxc3 O-O 11. f3 Re8 12. fxe4 Nxe4 13. Ne2 Nd7 14. Qc2 Ndf6 15.
Rf4 Qe7 16. a4 g5 17. Ba3 Qe6 18. d5 cxd5 19. Nd4 Qe5 20. Rff1 Ng4 21. Rae1 Bd7
22. Rf3 h5 23. Ref1 Nh6 24. h3 g4 25. Rf4 gxh3 26. Bxe4 dxe4 27. Qf2 Kh8 28.
Kh1 Ng4 29. Qe2 f6 30. Qxc4 Nxe3 31. Qf7 Nxf1 32. Rxf1 e3 33. Rxf6 Qe4+ 34. Nf3
Qb1+ 35. Ng1 Bc6+ 36. Rxc6 Qe4+ 37. Nf3 bxc6 38. Qf6+ Kh7 39. Qf7+ Kh6 40. Bd6
Qb1+ 41. Kh2 1-0